La ejemplar humildad del Lazarillo /
保存先:
| 第一著者: | |
|---|---|
| その他の著者: | |
| フォーマット: | 図書 |
| 言語: | スペイン語 |
| シリーズ: | (Universidad de Oriente ;
38) |
| 主題: | |
| タグ: |
タグなし, このレコードへの初めてのタグを付けませんか!
|
MARC
| LEADER | 00000nam^a2200000^a^4500 | ||
|---|---|---|---|
| 001 | 000144223 | ||
| 005 | 20250521000000.0 | ||
| 009 | 20260310095753.272 | ||
| 037 | |a Acervo ITESO - Biblioteca | ||
| 041 | |a ESP | ||
| 082 | |a 860. 94604 |b ALV | ||
| 100 | |a Alvarez Morales, Manuel |e (autor) | ||
| 245 | 1 | 3 | |a La ejemplar humildad del Lazarillo / |c M. Alvarez Morales ; presen. de S. Bueno. |
| 264 | |a Santiago, Cuba : |b Universidad de Oriente, |c 1954 | ||
| 300 | |a 31 p. | ||
| 336 | |a texto |b txt |2 rdacontenido | ||
| 337 | |a sin mediación |b n |2 rdamedio | ||
| 338 | |a volumen |b nc |2 rdasoporte | ||
| 440 | 1 | |a (Universidad de Oriente ; |v 38) | |
| 649 | |a XX | ||
| 650 | |a Novela Española - |x Historia y Crítica | ||
| 650 | |a Literatura Española - |x Historia y Crítica | ||
| 650 | |a Literatura Española - |y Siglo XVI | ||
| 650 | |a Ensayos Cubanos | ||
| 650 | |a Literatura Cubana - |y Siglo XX | ||
| 700 | |a Bueno, Salvador |e (presentación) | ||
| 910 | |a Fondo Salvador Reynoso Reynoso | ||
| 920 | |a Impresos - Libros | ||
| 930 | |a Fondos Especiales | ||
| 940 | |a Literatura | ||
| 905 | |a 112 | ||
| 901 | |a 0800015778 |b IT2 |c ESP |u 20250521 | ||
| 902 | |a https://opac.biblio.iteso.mx/vufind/Record/000144223 | ||